Comparación de diferencias esperadas en la progenie (DEPs) asociadas a color de capa y origen reproductivo en padres Aberden Angus /

Guardado en:
Autor Principal: Cariac, Gastón Eduardo.
Autor Corporativo: Universidad Nacional del Sur. Departamento de Agronomía.
Otros Autores: Rodríguez Iglesias, Ricardo, (tutor.)
Formato: Libro
Idioma:Spanish
Publicado: Bahía Blanca, 2009.
Etiquetas: Agregar Etiqueta
Sin Etiquetas, Sea el primero en etiquetar este registro!
LEADER 00784nam a22001695a 4500
001 EEA.libagro008159
005 20171011105354.0
008 130809s2009####ag#a##########000#0#spa#d
082 0 4 |a 636.211 
100 1 |a Cariac, Gastón Eduardo. 
245 1 0 |a Comparación de diferencias esperadas en la progenie (DEPs) asociadas a color de capa y origen reproductivo en padres Aberden Angus /  |c Gastón Eduardo Cariac. 
260 |a Bahía Blanca,  |c 2009. 
300 |a 55 h. :  |b il. ;  |c 30 cm. 
500 |a Trabajo de intensificación (Ingeniero Agrónomo) -- Universidad Nacional del Sur. Departamento de Agronomía, 2009. 
700 1 |a Rodríguez Iglesias, Ricardo,  |e tutor. 
710 2 |a Universidad Nacional del Sur.  |b Departamento de Agronomía. 
859 |a AR-BbBCA  |b BIB. AGRONOMIA  |h 636.211  |i C277  |p 2009/5548